[Event "Wroclaw Anderssen Memorial"]
[Site "Wroclaw"]
[Date "2020.08.09"]
[Round "6"]
[White "Butkiewicz, Lukasz"]
[Black "Sabuk, Piotr"]
[Result "1-0"]
[WhiteElo "2400"]
[BlackElo "2377"]
[PlyCount "135"]
[EventDate "2020.08.09"]
[EventType "swiss"]
[EventRounds "11"]
[EventCountry "POL"]
[SourceTitle "CBM 197 Extra"]
[Source "ChessBase"]
[SourceDate "2020.09.30"]
[SourceVersion "1"]
[SourceVersionDate "2020.09.30"]
[SourceQuality "1"]

1. d4 Nf6 2. c4 e6 3. Nc3 Bb4 4. Qc2 0-0 5. Nf3 c5 6. dxc5 Na6 7. g3 Nxc5 8. Bg2 b6 9. 0-0 Bb7 10. Bf4 a6 11. a3 Bxc3 12. Qxc3 Rc8 13. Rac1 d5 14. Rfd1 Nce4 15. Qd4 dxc4 16. Rxc4 Qxd4 17. Rdxd4 Bd5 18. Rxc8 Rxc8 19. Ne1 Kf8 20. Rd1 g5 21. Be3 b5 22. f3 Nd6 23. Bxg5 Nfe8 24. Rc1 Bc4 25. Kf2 Rc5 26. Be3 Rh5 27. g4 Rd5 28. f4 Nf6 29. Bxd5 Nxg4+ 30. Kg1 exd5 31. Bc5 Ke7 32. Nf3 Kd7 33. Nd4 Ne4 34. Bb6 Nd2 35. Rc2 Nb3 36. Nxb3 Bxb3 37. Rc7+ Ke6 38. Ra7 Bc4 39. e3 b4 40. axb4 Nf6 41. Bd4 Ne4 42. Rb7 Bb5 43. Rb6+ Kf5 44. h3 f6 45. Rb7 Kg6 46. Rb8 Kf5 47. Rd8 Bc4 48. Rd7 h6 49. Kh2 Kg6 50. Rd8 Bb3 51. Rh8 Bc4 52. f5+ Kg5 53. h4+ Kxh4 54. Rg8 Bb5 55. Rg6 h5 56. Bxf6+ Nxf6 57. Rxf6 Kg5 58. Rf8 Bd7 59. f6 Be6 60. Ra8 Kxf6 61. Rxa6 Ke5 62. Kg3 Bd7 63. Rh6 Ke4 64. Rxh5 Bb5 65. Kf2 Bc4 66. Rh4+ Kd3 67. Rd4+ Kc2 68. e4 1-0